Revisión y actualización del Libro III del Código de Comercio y de la Ley de Navegación

Saved in:
Bibliografiske detaljer
Hovedforfatter: Tomasello Hart, Leslie (Author)
Format: Bog
Sprog:spansk
Udgivet: Santiago Librotecnia 2012
Udgivelse:1a. ed
Fag:
Tags: Tilføj Tag
Ingen Tags, Vær først til at tagge denne postø!

MARC

LEADER 00000cam a2200000 a 4500
001 UCF4053
003 CL-VaPUC
008 121115e20120000CL |||||||||||||||||spa|d
020 |a 9789563270723 
082 0 4 |a 343.83096  |b TOM  |2 21 
100 0 |a Tomasello Hart, Leslie  |e author  |9 565697 
245 1 0 |a Revisión y actualización del Libro III del Código de Comercio y de la Ley de Navegación 
250 |a 1a. ed 
300 |a 210 p 
942 |c BK 
945 |d 20121115 00:00:00  |a dcastane 
260 |a Santiago  |b Librotecnia  |c 2012 
650 0 |a Derecho marítimo  |9 255301 
650 0 |a Derecho comercial   |9 256340 
650 0 |a Transporte marítimo  |9 260127 
583 |a last modification  |c 20121115 10:00:00  |k Rodrigo Vera 
999 |c 350049  |d 350047 
952 |0 0  |1 0  |4 0  |6 343_830960000000000_TOM_2012  |7 0  |8 A  |9 453023  |a BIBDER  |b BIBDER  |d 2019-11-22  |i 4923359  |o 343.83096 TOM 2012  |p 4923359  |r 2023-01-25  |w 2019-11-22  |y BK  |k DER